01717nab a22002537a 4500999001500000003000400015005001700019008004100036040000700077100003100084245019100115260007300306300001600379500004500395505063000440505009001070650002901160650002101189650003101210650003001241650004001271773013901311942001301450 c5371d5371OSt20250306134527.0190603e xxum|||| |||| 00| 0 spa d cPJ 96405aLabombarda, Pablo M.13aLa competencia bioética en niños, niñas y adolescentes en el final de la vida. El paradigma tradicional de la vulnerabilidad y una propuesta de superación /cPablo M. Labombarda. cCiudad Autónoma de Buenos Aires :aThomson Reuters La Ley, b2024. ap. 301-310. aCita Online: TR LALEY AR/DOC/1625/2024.  aSumario: I. Introducción.— II. La autonomía como principio bioético y su proyección en las personas menores de edad.— III. Breve referencia histórico-legislativa argentina.— IV. La noción estática de vulnerabilidad en el campo de las personas menores de edad. Críticas.— V. Hacia un concepto dinámico y flexible de la vulnerabilidad en los/as menores de edad.— VI. El traspaso de los lineamientos precedentes a la decisión del rechazo de un tratamiento médico en riesgo de muerte.— VII. El trayecto que viene recorriendo la jurisprudencia en Argentina. Breve reseña.— VIII. Conclusiones. t¿Te interesa el texto completo? Solicitalo al correo: koha@justierradelfuego.gov.ar  091253aDERECHO A LA SALUD 094094aBIOÉTICA 0aTRATAMIENTO MÉDICO94418 0aASISTENCIA MÉDICA95365 0aSITUACIÓN DE VULNERABILIDAD946950 0271393170dCiudad Autónoma de Buenos Aires : Thomson Reuters La Ley, 2015-tRevista Código Civil y Comercial. Nº 4 - Agosto 2024 2udccANA